Mechanics : (Record no. 183863)
[ view plain ]
| 000 -LEADER | |
|---|---|
| fixed length control field | 00843 a2200181 4500 |
| 003 - CONTROL NUMBER IDENTIFIER | |
| control field | NUST |
| 005 - DATE AND TIME OF LATEST TRANSACTION | |
| control field | 20221128163334.0 |
| 010 ## - LIBRARY OF CONGRESS CONTROL NUMBER | |
| LC control number | 6466016 |
| 040 ## - CATALOGING SOURCE | |
| Transcribing agency | Nust |
| 082 ## - DEWEY DECIMAL CLASSIFICATION NUMBER | |
| Classification number | 531,KIT |
| 100 ## - MAIN ENTRY--PERSONAL NAME | |
| Personal name | Kittel , Charles |
| 9 (RLIN) | 34447 |
| 245 ## - TITLE STATEMENT | |
| Title | Mechanics : |
| Remainder of title | Berkeley physics course- Vol-1 / |
| Statement of responsibility, etc. | Charles Kittel and Waltes D Kinight |
| 260 ## - PUBLICATION, DISTRIBUTION, ETC. | |
| Place of publication, distribution, etc. | N.Y |
| Name of publisher, distributor, etc. | N y University |
| Date of publication, distribution, etc. | 1965 |
| 300 ## - PHYSICAL DESCRIPTION | |
| Extent | 480:p.: |
| 505 ## - FORMATTED CONTENTS NOTE | |
| Formatted contents note | Introduction (Page-2), Vectors (Page-24), Galilean Invariance (Page-54), Conservation Of Energy (Page-132), Harmonic Oscillator (Page-190), Speed Of Light (Page-310), Lorentz Transformations Of Length And Time (Page-344), Relativistic Dynamics (Page-380), Simple Problems In Relativistic Dynamics (Page-406), Principles Of Equivalence (Page-426), The Particles Of Modern Physics (Page-438). |
| 650 ## - SUBJECT ADDED ENTRY--TOPICAL TERM | |
| Topical term or geographic name entry element | Mechanics |
| 942 ## - ADDED ENTRY ELEMENTS (KOHA) | |
| Source of classification or shelving scheme | |
| Koha item type | Book |
| Call number prefix | 531,KIT |
| Withdrawn status | Lost status | Source of classification or shelving scheme | Damaged status | Not for loan | Collection code | Permanent Location | Current Location | Date acquired | Total Checkouts | Full call number | Barcode | Date last seen | Price effective from | Koha item type | Shelving location | Public note |
|---|---|---|---|---|---|---|---|---|---|---|---|---|---|---|---|---|
| Military College of Signals (MCS) | Military College of Signals (MCS) | 12/12/2016 | 531 KIT | MCS34607 | 12/08/2016 | 12/12/2016 | Book | |||||||||
| Military College of Signals (MCS) | Military College of Signals (MCS) | 12/12/2016 | 531 KIT | MCS36713 | 12/08/2016 | 12/12/2016 | Book | |||||||||
| Military College of Signals (MCS) | Military College of Signals (MCS) | 12/12/2016 | 531,KIT | MCS6293 | 12/08/2016 | 12/12/2016 | Book | General Stacks | Almirah No.16, Shelf No.2 |
